Mechanická technologie. V. díl, Obráběcí stroje na kov /

Uložené v:
Podrobná bibliografia
Hlavní autori: Bělovský, Vladimír, 1894-1968 (Author), Tomeček, Evžen (Author)
Médium: Kniha
Jazyk:Czech
Vydané: Praha : Státní nakladatelství učebnic, 1950.
Vydanie:druhé vydání
Edícia:Učební text (Státní nakladatelství učebnic)
Fyzický popis: 86 strán : ilustrácie ; 29 cm + 24 príloh
Tagy: Pridať tag
Žiadne tagy, Buďte prvý kto otaguje tento záznam!

MARC

LEADER 00000nam a22000002i 4500
001 000729708
005 20250430104446.0
008 250428s1950 xr a f p 000 0 cze d
020 |c Kčs 40,00  |q (brožované) 
040 |a SVKKK  |b slo  |c SVKKK  |e rda 
041 0 |a cze 
044 |a xr  |c CZ 
100 1 |a Bělovský, Vladimír,  |d 1894-1968  |4 aut 
245 1 0 |a Mechanická technologie.  |n V. díl,  |p Obráběcí stroje na kov /  |c Vladimír Bělovský, Evžen Tomeček. 
246 3 0 |a Obráběcí stroje na kov 
250 |a druhé vydání 
264 1 |a Praha :  |b Státní nakladatelství učebnic,  |c 1950. 
300 |a 86 strán :  |b ilustrácie ;  |c 29 cm +  |e 24 príloh 
336 |a text  |b txt  |2 rdacontent 
337 |a bez média  |b n  |2 rdamedia 
338 |a zväzok  |b nc  |2 rdacarrier 
490 1 |a Učební text 
500 |a Záznam revízie 
700 1 |a Tomeček, Evžen  |4 aut 
830 0 |a Učební text (Státní nakladatelství učebnic) 
910 |a svkkk 
998 |a BK 
090 |g SCKHL  |k Sklad Pribinova 3. posch.  |a V.46919  |j 46919  |i 2720974523  |s Prezenčne